00981nam a2200241 a 4500001001000000003000500010005001700015008004100032010001100073011001100084040000900095100003300104245019300137260004100330500006000371502008700431650002100518650004300539650002600582650002400608700003700632856007000669000115192CHAP20220329144522.0181123s2018 mx a sm |||||||spa d a111653 a112625 cCHAP00aFlores Pérez, José Luis.10aDiseño de un sistema agroforestal para la producción de café en el municipio de Santiago El Pinar, Chiapas /h[En línea]cpor Jorge Flores Pérez y Eliseo Domingo Gómez Gómez. aChapingo, Méx. :bEl autor,c2018. aPara ver el contenido del material haga clic en la liga aTesis (Ing. en Restauración Forestal) -- UACH. División de Ciencias Forestales14aCaféxChiapas.14aCaféxOrganización de productores.14aCaféxProducción.14aCaféxVariedades.1 aGómez Gómez, Eliseo Domingo. aFinding aiduhttp://10.13.5.2/tesis/sist115192.pdfzTeclea aquí